Oil wars in Niger Delta (1849 - 2009) (Record no. 33161)
[ view plain ]
| 000 -LEADER | |
|---|---|
| fixed length control field | 00659nam a2200181Ia 4500 |
| 020 ## - INTERNATIONAL STANDARD BOOK NUMBER | |
| ISBN | 9780323627 |
| 050 ## - CALL MARK | |
| Classification number | HD 9577.N52 .T36/ |
| 100 ## - STATEMENT OF RESPONSIBILITY--MAIN AUTHOR NAME | |
| Personal name | Tamuno, Tekena N. |
| 245 #0 - TITLE STATEMENT | |
| Title | Oil wars in Niger Delta (1849 - 2009) |
| 260 ## - PUBLICATION, DISTRIBUTION, ETC. (IMPRINT) | |
| Place of publication | Ibadan |
| 260 ## - PUBLICATION, DISTRIBUTION, ETC. (IMPRINT) | |
| Name of publisher | Stirling-Horden Publishers Limited |
| 260 ## - PUBLICATION, DISTRIBUTION, ETC. (IMPRINT) | |
| Year of publication | 2011 |
| 300 ## - PHYSICAL DESCRIPTION | |
| Number of Pages | 338 p |
| 650 ## - SUBJECT ADDED ENTRY--TOPICAL TERM | |
| Topical Term | Petroleum industry and trade--Political aspects--Niger. International business enterprises--Niger. Niger--Foreign relations. Niger--Economic conditions. Niger--Environmental conditions--Congresses. |
| 942 ## - ADDED ENTRY ELEMENTS (KOHA) | |
| Koha item type | Books |
| Withdrawn status | Lost status | Source of classification or shelving scheme | Damaged status | Not for loan | Permanent Location | Current Location | Shelving location | Date acquired | Accession Number | Price effective from | Koha item type |
|---|---|---|---|---|---|---|---|---|---|---|---|
| Library of Congress Classification | NILE UNIVERSITY OF NIGERIA - MAIN LIBRARY | NILE UNIVERSITY OF NIGERIA - MAIN LIBRARY | Items on shelf | 04/23/2025 | 0186602 | 04/23/2025 | Books |